Ekologické balenie produktov ako nástroj konkurenčnej výhody podniku bakalárska práca

Guardado en:
Detalles Bibliográficos
Autor principal: Szabo, Matúš
Autor Corporativo: Obchodná fakulta EU. Katedra marketingu
Otros Autores: Jarossová, Malgorzata Agnieszka, 1978-
Formato: Libro
Lenguaje:eslovaco
Publicado: Bratislava 2024
Etiquetas: Agregar Etiqueta
Sin Etiquetas, Sea el primero en etiquetar este registro!

MARC

LEADER 00000nbm a2200000 4500
001 0302250
005 20250619132555.0
041 0 |a slo 
044 |a SK 
245 1 0 |a Ekologické balenie produktov ako nástroj konkurenčnej výhody podniku  |b bakalárska práca  |c Matúš Szabo ; školiteľ: Malgorzata Agnieszka Jarossová 
264 1 |a Bratislava  |c 2024 
300 |a 61 s. 
100 1 |a Szabo, Matúš 
700 1 |a Jarossová, Malgorzata Agnieszka, 1978- 
710 2 |a Obchodná fakulta EU. Katedra marketingu